Exploring the Evolution of our Ancestors: (Record no. 759031)
[ view plain ]
| 000 -LEADER | |
|---|---|
| fixed length control field | 02247nam a22002297a 4500 |
| 003 - CONTROL NUMBER IDENTIFIER | |
| control field | OSt |
| 005 - DATE AND TIME OF LATEST TRANSACTION | |
| control field | 20260424165619.0 |
| 008 - FIXED-LENGTH DATA ELEMENTS--GENERAL INFORMATION | |
| fixed length control field | 260424b |||||||| |||| 00| 0 eng d |
| 020 ## - INTERNATIONAL STANDARD BOOK NUMBER | |
| International Standard Book Number | 9781032971223 |
| 040 ## - CATALOGING SOURCE | |
| Transcribing agency | kul |
| 082 ## - DEWEY DECIMAL CLASSIFICATION NUMBER | |
| Classification number | 599.938 ADR.E |
| 100 ## - MAIN ENTRY--PERSONAL NAME | |
| Personal name | Adriaens, Dominique. |
| 9 (RLIN) | 13920 |
| 245 ## - TITLE STATEMENT | |
| Title | Exploring the Evolution of our Ancestors: |
| Remainder of title | On the Human Track |
| 260 ## - PUBLICATION, DISTRIBUTION, ETC. | |
| Place of publication, distribution, etc. | New York: |
| Name of publisher, distributor, etc. | CRC Press, |
| Date of publication, distribution, etc. | 2026. |
| 300 ## - PHYSICAL DESCRIPTION | |
| Extent | ix, 319p. |
| 520 ## - SUMMARY, ETC. | |
| Summary, etc. | This is a captivating evolutionary narrative of the human body, exploring the pivotal traits that make humans unique as a species. It provides a better understanding of why we look the way we do, through an evolutionary morphological lens, by delving into the functional explanations for the unique characteristics of us and our ancestors and the evolutionary pathways that shaped them. It integrates changes in anatomy with functional shifts, but also with underlying genetic and environmental transformations that drove our evolution. The main body of the book focuses around four fundamental themes that have evolutionarily sculpted us into who we are today, ever since the shared origin with the chimpanzee: diet, brain, locomotion and skin. This book not only promises to enrich our understanding of human evolution but also challenges us to reconsider what it means to be human in light of our ancient lineage and ongoing evolutionary journey. It also:<br/><br/> Provides a complete overview of the major events of human evolution;<br/> Helps readers understand why our body has been shaped the way it is;<br/> Integrates genes, anatomy, function, behavior and ecology, creating a more complete picture, written in an accessible text while incorporating many facts and figures building upon both historic and recent literature;<br/> Offers an up-to-date view of how anthropologists currently see our evolution;<br/> Focuses on four fundamental changes in the brain, diet, skin and locomotion;<br/> Explains some aspects of what humans are experiencing today (e.g., why some people are lactose intolerant). |
| 650 ## - SUBJECT ADDED ENTRY--TOPICAL TERM | |
| Topical term or geographic name entry element | Human Evolution |
| 9 (RLIN) | 13921 |
| 650 ## - SUBJECT ADDED ENTRY--TOPICAL TERM | |
| Topical term or geographic name entry element | Paleoanthropology |
| 9 (RLIN) | 13922 |
| 650 ## - SUBJECT ADDED ENTRY--TOPICAL TERM | |
| Topical term or geographic name entry element | Human beings—Origin |
| 9 (RLIN) | 13923 |
| 650 ## - SUBJECT ADDED ENTRY--TOPICAL TERM | |
| Topical term or geographic name entry element | Fossil Hominids |
| 9 (RLIN) | 13924 |
| 942 ## - ADDED ENTRY ELEMENTS (KOHA) | |
| Source of classification or shelving scheme | Dewey Decimal Classification |
| Koha item type | Book |
| Withdrawn status | Lost status | Source of classification or shelving scheme | Damaged status | Not for loan | Home library | Current library | Shelving location | Date acquired | Total Checkouts | Full call number | Barcode | Date last seen | Price effective from | Koha item type |
|---|---|---|---|---|---|---|---|---|---|---|---|---|---|---|
| Dewey Decimal Classification | Campus Library Kariavattom | Campus Library Kariavattom | General Stacks | 24/04/2026 | 599.938 ADR.E | UCL35687 | 24/04/2026 | 24/04/2026 | Book |
